| Поле | Название | Значение |
| |
Тип записи |
a |
| |
Библиографический уровень |
m |
| 001 |
Контрольный номер |
RSL-KNO-004411221 |
| 005 |
Дата корректировки |
20180512104019.1 |
| 010 |
Индекс ISBN |
__ |
| a |
ISBN |
978-5-222-15303-1 |
| d |
Цена |
449-00 |
| 021 |
№ государственной регистрации |
__ |
| b |
№ документа |
09-91647 |
| b |
№ документа |
5792 |
| 100 |
Данные общей обработки |
__ |
| a |
Данные общей обработки |
19091110d2009 |||y0rusy0189 ca |
| 101 |
Язык документа |
__ |
| a |
Язык текста |
rus |
| 102 |
Страна публикации |
__ |
| a |
Страна публикации |
RU |
| 102 |
Страна публикации |
__ |
| a |
Страна публикации |
RU |
| 105 |
Кодированные данные (монография) |
__ |
| a |
Кодированные данные (монография) |
y zzzz000zy |
| 200 |
Заглавие и сведения об ответственности |
__ |
| a |
Заглавие |
Техника управления подсознанием |
| f |
Первые сведения об ответственности |
Дж. Мерфи |
| 210 |
Выходные данные |
__ |
| a |
Место издания |
Ростов-на-Дону |
| c |
Издательство |
Феникс |
| d |
Дата издания |
2009 |
| 215 |
Физическое описание |
__ |
| a |
Объем |
187 с. |
| 225 |
Серия (Журнальная рубрика) |
__ |
| a |
Серия (Журнальная рубрика) |
Серия "Панацея" |
| 330 |
Аннотация |
__ |
| a |
Аннотация |
Цель этой книги - рассказать читателю, как найти источник счастья и быстро достичь желаемых результатов с помощью молитвы. В книге содержится информация о способе помочь себе в поиске эмоционального и духовного благополучия. |
| 606 |
Тематические рубрики |
__ |
| a |
Основная рубрика |
Психология |
| 606 |
Тематические рубрики |
__ |
| a |
Основная рубрика |
Социальная психология |
| 606 |
Тематические рубрики |
__ |
| a |
Основная рубрика |
Религия. Мистика. Свободомыслие |
| 606 |
Тематические рубрики |
__ |
| a |
Основная рубрика |
Религиоведение |
| 610 |
Ключевые слова |
__ |
| a |
Ключевые слова |
подсознание (психол.) |
| a |
Ключевые слова |
христианство |
| 686 |
Индексы других классификаций |
__ |
| 2 |
Код системы |
rubbk |
| a |
Индекс ББК |
88.52 |
| 686 |
Индексы других классификаций |
__ |
| a |
Индекс ББК |
86.2 |
| 700 |
Автор |
_1 |
| a |
Фамилия |
Мерфи |
| b |
Имя |
Дж. |
| f |
Даты |
1898-1981 |
| g |
Полное личное имя |
Джозеф |
| 801 |
Источник записи |
_0 |
| a |
Страна |
RU |
| b |
Организация |
РГБ |
| c |
Дата составления |
20091110 |
| 801 |
Источник записи |
_1 |
| a |
Страна |
RU |
| b |
Организация |
РГБ |
| c |
Дата составления |
20091110 |
| 801 |
Источник записи |
_2 |
| a |
Страна |
RU |
| b |
Организация |
NLR |
| c |
Дата составления |
20091110 |
| 801 |
Источник записи |
_2 |
| a |
Страна |
RU |
| b |
Организация |
Центральная районная библиотека им. Г. А. Пирожникова |
| c |
Дата составления |
20091110 |
| 852 |
Данные о местонахождении |
__ |
| j |
Шифр хранения |
88.52 |
| i |
Авторский знак |
М 52 |
| b |
Сигла хранения |
ООЧ |
| 901 |
Тип документа |
__ |
| t |
Тип документа |
m |
| 902 |
Роль лиц |
__ |
| a |
Создатель БЗ |
ОКиО/Кашаева |
| 905 |
Дата создания БЗ |
__ |
| a |
Дата создания БЗ |
2011.12.08 |
| 990 |
Данные о заказе (DOS) |
__ |
| j |
Количество экземпляров (DOS) |
1 |
| h |
N записи в КСУ для Б/У (DOS) |
2012-1 |